|
|
|
|
| LEADER |
00000nam a22000005a 4500 |
| 001 |
14791 |
| 003 |
CL-ChBUA |
| 005 |
20120815103532.0 |
| 008 |
070301s2001 xxu 000 0 spa |
| 020 |
|
|
|a 0881136387
|
| 040 |
|
|
|a CL-ChBUA
|c CL-ChBUA
|
| 082 |
0 |
0 |
|a 301.155
|
| 090 |
|
|
|c 14791
|d 14791
|
| 100 |
1 |
|
|a Ledesma, Abel.
|
| 245 |
1 |
0 |
|a Cambie sus tragedias en triunfo
|
| 260 |
|
|
|b Betania.
|a Nashville.
|c c2001.
|
| 300 |
|
|
|a 159 p.
|c 20 cm.
|
| 504 |
|
|
|a Indice.
|
| 650 |
|
4 |
|a LIDERAZGO.
|
| 942 |
|
|
|c LIB
|
| 952 |
|
|
|0 0
|1 0
|4 0
|7 0
|9 20753
|a UNACH
|b UNACH
|c 300
|d 2007-03-05
|i 34.297.
|l 7
|m 3
|o 301.155 / L 473.
|p 21752
|r 2025-08-18 17:20:20
|s 2025-08-11
|u 20753
|w 2012-08-08
|y LIB
|k 301.155 / L 473.
|
| 999 |
|
|
|c 14791
|d 14791
|